[Event "Allendale (MI Am/4/10)"]
[Site "?"]
[Date "1987.??.??"]
[Round "?"]
[White "Shorter, R.."]
[Black "Kung, Fred"]
[Result "0-1"]
[WhiteElo "1605"]
[BlackElo "1905"]
[PlyCount "104"]
[EventDate "1987.??.??"]

{4/(10)} 1. d4 d5 2. Nf3 e6 3. e3 c5 4. c3 Nf6 5. Bd3 Nc6 6. Nbd2 cxd4 7. exd4
Bd6 8. Bb5 a6 9. Bxc6+ bxc6 10. O-O O-O 11. Re1 c5 12. Re3 cxd4 13. cxd4 Bb7
14. Nb3 h6 15. Qd3 Qc7 16. Bd2 Rfc8 17. Na5 Rab8 18. Nxb7 Qxb7 19. b3 Rc6 20.
Rc1 Rbc8 21. Ree1 Ne4 22. Qf1 Rc2 23. Be3 Rxa2 24. Rxc8+ Qxc8 25. Qd3 Qc2 26.
Qxc2 Rxc2 27. Rb1 Bb4 28. Kf1 Nd2+ 29. Nxd2 Bxd2 30. Ra1 a5 31. Bxd2 Rxd2 32.
Ra4 Rb2 33. Ra3 Kf8 34. Ke1 Ke7 35. h3 Kf6 36. g4 Kg5 37. Kf1 Kf4 38. Kg2 Ke4
39. Rxa5 Rxb3 40. Ra7 Kxd4 41. Rxf7 Kc3 42. Rxg7 d4 43. Rc7+ Kd2 44. Rc6 d3 45.
h4 Rb4 46. Kg3 Rd4 47. g5 hxg5 48. hxg5 Rd7 49. Rxe6 Kc1 50. Kf3 d2 51. Rc6+
Kd1 52. g6 Ke1 0-1

[Event "Allendale (MI Am/3/5)"]
[Site "?"]
[Date "1987.??.??"]
[Round "?"]
[White "Shorter, R.."]
[Black "Brattin, Vincent"]
[Result "0-1"]
[WhiteElo "1605"]
[BlackElo "1900"]
[PlyCount "68"]
[EventDate "1987.??.??"]

{3/(5)} 1. d4 c6 2. Nf3 Nf6 3. e3 d5 4. Bd3 Bg4 5. Nbd2 e6 6. h3 Bh5 7. O-O Bd6
8. Qe1 Nbd7 9. e4 dxe4 10. Nxe4 Nxe4 11. Qxe4 Nf6 12. Qe2 Nd5 13. c3 O-O 14.
Bxh7+ Kxh7 15. g4 Bg6 16. Ng5+ Kg8 17. h4 Bf4 18. Bxf4 Nxf4 19. Qf3 Qd6 20.
Rad1 f6 21. Nh3 Nxh3+ 22. Qxh3 Qf4 23. Rde1 Kf7 24. Re3 Rh8 25. h5 Be4 26. Rfe1
f5 27. gxf5 Bxf5 28. Qh1 Qg4+ 29. Rg3 Qxh5 30. Qg2 g6 31. Ree3 Qd1+ 32. Qf1
Rh1+ 33. Kxh1 Qxf1+ 34. Rg1 Rh8+ 0-1

[Event "Lansing (MI Op/7/30)"]
[Site "?"]
[Date "1987.??.??"]
[Round "?"]
[White "Shaler, S.."]
[Black "Schweikert, G.."]
[Result "0-1"]
[WhiteElo "1755"]
[BlackElo "1925"]
[PlyCount "53"]
[EventDate "1987.??.??"]

{7/(30)} 1. e4 e6 2. d4 c5 3. Nf3 cxd4 4. Nxd4 Nc6 5. Nc3 a6 6. Be3 Qc7 7. f4
b5 8. Nb3 Bb7 9. Qd2 Rc8 10. Rd1 d6 11. Qf2 Nf6 12. Be2 b4 13. Bb6 Qb8 14. e5
dxe5 15. fxe5 Nxe5 16. Na4 Ned7 17. O-O Bd6 18. g4 O-O 19. Rxd6 Qxd6 20. Nac5
Qxb6 21. Nxd7 Qxf2+ 22. Rxf2 Nxd7 23. Na5 Be4 24. Bxa6 Ra8 25. Bb5 Rxa5 26.
Bxd7 Rxa2 27. Rd2 0-1

[Event "Lansing (MI Op/4/36)"]
[Site "?"]
[Date "1987.??.??"]
[Round "?"]
[White "Shaler, S.."]
[Black "Schoonmaker, John"]
[Result "1/2-1/2"]
[WhiteElo "1755"]
[BlackElo "1895"]
[PlyCount "69"]
[EventDate "1987.??.??"]

{4/(36)} 1. Nf3 d5 2. g3 Nf6 3. Bg2 Bf5 4. d4 e6 5. c4 c6 6. Nc3 Be7 7. O-O O-O
8. Nd2 Nbd7 9. Re1 Nb6 10. cxd5 exd5 11. b3 Re8 12. e4 dxe4 13. Ndxe4 Nfd5 14.
Bb2 Bb4 15. Qf3 Bxe4 16. Rxe4 Nxc3 17. Rxe8+ Qxe8 18. Bxc3 Bxc3 19. Qxc3 Qd7
20. Re1 Re8 21. Bh3 Rxe1+ 22. Qxe1 Qd8 23. Bg2 g6 24. Qe5 a6 25. Qc5 Nd5 26.
Bxd5 Qxd5 27. Qxd5 cxd5 28. Kg2 f6 29. Kf3 Kf7 30. Kf4 Ke6 31. h4 Kd6 32. b4 b5
33. g4 Ke6 34. Ke3 f5 35. g5 1/2-1/2

[Event "Lansing (MI Op/1a/14)"]
[Site "?"]
[Date "1987.??.??"]
[Round "?"]
[White "Shaler, S.."]
[Black "Jarosz, Stan"]
[Result "1/2-1/2"]
[WhiteElo "1755"]
[BlackElo "2015"]
[PlyCount "63"]
[EventDate "1987.??.??"]

1. Nf3 d5 2. g3 Bf5 3. Bg2 Nf6 4. c4 e6 5. Nc3 c6 6. d4 Nbd7 7. Nd2 Bd6 8. e4
dxe4 9. Ndxe4 Nxe4 10. Nxe4 Bxe4 11. Bxe4 Nf6 12. Bg2 Bb4+ 13. Bd2 Qa5 14. a3
Bxd2+ 15. Qxd2 Qxd2+ 16. Kxd2 O-O-O 17. Kc3 Rd7 18. Rad1 Rhd8 19. Rd2 Kc7 20.
Rhd1 b5 21. b3 bxc4 22. bxc4 Rb8 23. h3 Rb6 24. d5 cxd5 25. cxd5 exd5 26. Bxd5
Kb8 27. Rd4 Nxd5+ 28. Rxd5 Rc7+ 29. Kd4 Rb2 30. Ke3 Re7+ 31. Kf3 Ree2 32. Rb5+
1/2-1/2

[Event "Lansing (MI Op/3/29)"]
[Site "?"]
[Date "1987.??.??"]
[Round "?"]
[White "Shaler, S.."]
[Black "Beaver, Andrew"]
[Result "0-1"]
[WhiteElo "1755"]
[BlackElo "2125"]
[PlyCount "114"]
[EventDate "1987.??.??"]

{3/(29)} 1. Nf3 Nf6 2. c4 e6 3. Nc3 d5 4. d4 Be7 5. Bg5 O-O 6. e3 h6 7. Bh4 Ne4
8. Bxe7 Qxe7 9. Bd3 Nxc3 10. bxc3 dxc4 11. Bxc4 Nd7 12. O-O e5 13. Nd2 c6 14.
e4 Nb6 15. Bb3 Rd8 16. Nf3 Bg4 17. Bxf7+ Qxf7 18. Nxe5 Bxd1 19. Nxf7 Kxf7 20.
Rfxd1 c5 21. d5 g5 22. Rd3 Rd6 23. Rb1 Rb8 24. Rf1 Nc4 25. f4 gxf4 26. Rxf4+
Rf6 27. Rdf3 Rxf4 28. Rxf4+ Kg7 29. Kf2 Rf8 30. g3 Ne5 31. Rxf8 Kxf8 32. h3 Ke7
33. Ke3 b5 34. Kf4 Kf6 35. g4 Ng6+ 36. Kf3 Ke5 37. Ke3 Nh8 38. h4 Nf7 39. a3
Nd6 40. g5 hxg5 41. hxg5 Nxe4 42. g6 Kxd5 43. g7 Nf6 44. Kd3 a5 45. Kd2 Kc4 46.
Kc2 b4 47. cxb4 axb4 48. a4 b3+ 49. Kb2 Kb4 50. a5 Kxa5 51. Kxb3 Kb5 52. Kc3 c4
53. Kc2 Kb4 54. Kb2 c3+ 55. Kc1 Kb3 56. Kb1 c2+ 57. Kc1 Ng8 0-1

[Event "Allendale (MI Am/3/10)"]
[Site "?"]
[Date "1987.??.??"]
[Round "?"]
[White "Serwatowski, Felix"]
[Black "Kruskie, Jerry"]
[Result "0-1"]
[WhiteElo "1605"]
[BlackElo "1855"]
[PlyCount "94"]
[EventDate "1987.??.??"]

{3/(10)} 1. e4 c5 2. Nf3 Nc6 3. d4 cxd4 4. Nxd4 g6 5. Be3 Bg7 6. Nc3 Nf6 7. Bc4
Qa5 8. O-O O-O 9. Nb3 Qc7 10. Qd2 a6 11. Bd3 Rd8 12. Na4 Ng4 13. Bf4 Be5 14.
Bxe5 Qxe5 15. f4 Qc7 16. Be2 Nf6 17. Nc3 d6 18. Qe3 b5 19. a3 Bb7 20. Nd5 Nxd5
21. exd5 Nb8 22. Qd3 Nd7 23. Rac1 Nb6 24. Bf3 Rac8 25. Nd2 Bxd5 26. Bxd5 Qc5+
27. Kh1 Nxd5 28. Rf3 Nf6 29. Ne4 Nxe4 30. Qxe4 e6 31. c3 d5 32. Qe1 Qe7 33. g4
Rc4 34. g5 Rdc8 35. Qf2 d4 36. h4 dxc3 37. Rcxc3 Rxc3 38. bxc3 Qxa3 39. Qe1 b4
40. Rd3 bxc3 41. f5 exf5 42. Qd1 Qe7 43. Rd7 Qe4+ 44. Kg1 Qg4+ 45. Qxg4 fxg4
46. Rd1 c2 47. Rc1 a5 0-1

[Event "Allendale (MI Am/2/17)"]
[Site "?"]
[Date "1987.??.??"]
[Round "?"]
[White "Serwatowski, Felix"]
[Black "Gemmell, J.."]
[Result "1-0"]
[WhiteElo "1605"]
[BlackElo "1605"]
[PlyCount "51"]
[EventDate "1987.??.??"]

{2/(17)} 1. e4 e5 2. Nf3 Nc6 3. Bb5 a6 4. Ba4 b5 5. Bb3 Nd4 6. Nxd4 exd4 7. d3
Nf6 8. Qf3 Bb4+ 9. Bd2 Qe7 10. O-O Bb7 11. a3 Bd6 12. Re1 Be5 13. Bb4 d6 14. a4
h5 15. axb5 Ng4 16. h3 O-O-O 17. bxa6 Qh4 18. axb7+ Kd7 19. Qxf7+ Qe7 20. Be6+
Kc6 21. Qxe7 Bh2+ 22. Kf1 Rhe8 23. Bd7+ Rxd7 24. Qxe8 Kxb7 25. Qa8+ Kb6 26.
Qa6# 1-0

[Event "Hazel Park (MCO/2/37)"]
[Site "?"]
[Date "1987.??.??"]
[Round "?"]
[White "Serwatowski, Felix"]
[Black "DeJongh, John"]
[Result "0-1"]
[WhiteElo "1605"]
[BlackElo "1700"]
[PlyCount "82"]
[EventDate "1987.??.??"]

{2/(37)} 1. Nf3 Nf6 2. c4 e6 3. g3 b6 4. Bg2 Bb7 5. O-O Be7 6. b3 O-O 7. Bb2 d5
8. Ne5 Nbd7 9. d4 Nxe5 10. dxe5 Ne4 11. Qc2 Nc5 12. Nd2 c6 13. Rad1 Qc7 14. a3
Rac8 15. f4 Rfd8 16. Nf3 dxc4 17. bxc4 h6 18. h4 Rxd1 19. Rxd1 Rd8 20. Re1 Nd7
21. f5 exf5 22. Qxf5 Bc5+ 23. Kh1 Nf8 24. e3 Bc8 25. Qf4 Ne6 26. Qe4 b5 27.
cxb5 cxb5 28. Rc1 Bb7 29. Qc2 Qb6 30. e4 Be3 31. Re1 Bf2 32. Rf1 Bxg3 33. Bh3
Nf4 34. Bf5 g6 35. Rg1 Nh5 36. Bh3 Bf2 37. Rf1 Ng3+ 38. Kg2 Nxf1 39. Kxf1 Be3
40. Qc3 Qc5 41. Qe1 Qc4+ 0-1

[Event "Hazel Park (MCO/4/49)"]
[Site "?"]
[Date "1987.??.??"]
[Round "?"]
[White "Serwatowski, Felix"]
[Black "Bewick, J.."]
[Result "1/2-1/2"]
[WhiteElo "1605"]
[BlackElo "1605"]
[PlyCount "26"]
[EventDate "1987.??.??"]

{4/(49)} 1. e4 e5 2. Nf3 Nc6 3. Bb5 a6 4. Bxc6 bxc6 5. O-O Nf6 6. Nxe5 Nxe4 7.
Re1 d5 8. d3 Bd6 9. Nxc6 Bxh2+ 10. Kxh2 Qh4+ 11. Kg1 Qxf2+ 12. Kh1 Qh4+ 13. Kg1
Qf2+ 1/2-1/2

[Event "Hazel Park (MCO/4/19)"]
[Site "?"]
[Date "1987.??.??"]
[Round "?"]
[White "Selitsky, B.."]
[Black "Pentescu, S.."]
[Result "0-1"]
[WhiteElo "1965"]
[BlackElo "1750"]
[PlyCount "70"]
[EventDate "1987.??.??"]

{4/(19)} 1. e4 e6 2. d4 d5 3. Nd2 Nf6 4. e5 Nfd7 5. f4 c5 6. c3 Nc6 7. Ndf3 Qb6
8. g3 Be7 9. Bh3 f5 10. exf6 Nxf6 11. Ne2 O-O 12. O-O Nd8 13. a4 Nf7 14. a5 Qc7
15. Be3 c4 16. Ne5 Nd6 17. g4 Nfe4 18. Ng3 Bd7 19. Bg2 Nxg3 20. hxg3 Bf6 21.
Kh2 g6 22. Rh1 b5 23. axb6 axb6 24. Rxa8 Rxa8 25. Rf1 Ra6 26. f5 gxf5 27. gxf5
Bxe5 28. dxe5 Nxf5 29. Qg4+ Ng7 30. Bh6 Qxe5 31. Bxd5 b5 32. Rf5 exd5 33. Rxe5
Bxg4 34. Bxg7 Kxg7 35. Rg5+ Rg6 {[Remainder illegible; 0-1, 52?]} 0-1

[Event "Hazel Park (MCO/3/21)"]
[Site "?"]
[Date "1987.??.??"]
[Round "?"]
[White "Selitsky, B.."]
[Black "Koteles, M.."]
[Result "1-0"]
[WhiteElo "1965"]
[BlackElo "1695"]
[PlyCount "43"]
[EventDate "1987.??.??"]

{3/(21)} 1. e4 c6 2. d4 d5 3. Nd2 dxe4 4. Nxe4 Bf5 5. Ng3 Bg6 6. h4 h6 7. Nf3
Nd7 8. h5 Bh7 9. Bd3 Bxd3 10. Qxd3 Ngf6 11. Bd2 e6 12. Qe2 Be7 13. O-O-O Qc7
14. Ne5 Nxe5 15. dxe5 Nd7 16. f4 O-O-O 17. Ne4 Nc5 18. Nc3 Kb8 19. Qc4 b5 20.
Qe2 Rd7 21. Qg4 Rg8 22. Be3 {[Remainder illegible; 1-0, 33?]} 1-0

[Event "Allendale (MI Am/5/11)"]
[Site "?"]
[Date "1987.??.??"]
[Round "?"]
[White "Scott, M.."]
[Black "Johnson, D.."]
[Result "0-1"]
[WhiteElo "1605"]
[BlackElo "1605"]
[PlyCount "114"]
[EventDate "1987.??.??"]

{5/(11)} 1. c4 Nf6 2. Nc3 c5 3. d3 g6 4. Nf3 Nc6 5. Bf4 d6 6. e3 Bg7 7. Be2 O-O
8. O-O Bd7 9. d4 b6 10. d5 Nb4 11. a3 Na6 12. e4 Ng4 13. Bd2 Rb8 14. Rb1 Nc7
15. b4 a6 16. b5 a5 17. h3 Ne5 18. Nxe5 Bxe5 19. Bd3 Ne8 20. Ne2 f5 21. f4 Bg7
22. Ng3 Bd4+ 23. Kh1 Ng7 24. Qc2 Qc8 25. Kh2 e6 26. a4 e5 27. Ne2 fxe4 28. Bxe4
exf4 29. Bxf4 Nf5 30. Nxd4 cxd4 31. Rfe1 Rf7 32. g4 Ne3 33. Bxe3 dxe3 34. Rxe3
Qc5 35. Rf3 Rxf3 36. Bxf3 Rf8 37. Kg2 Rf4 38. Rc1 Qa3 39. Rf1 Qb4 40. Qe2 Qxc4
41. Qxc4 Rxc4 42. Bd1 Rd4 43. Bb3 Kg7 44. Rd1 Rxd1 45. Bxd1 Kf6 46. h4 h6 47.
Bc2 g5 48. hxg5+ hxg5 49. Kf3 Ke5 50. Bb3 Be8 51. Ke3 Bg6 52. Kf3 Be4+ 53. Ke3
Bxd5 54. Bd1 Bc4 55. Bc2 d5 56. Bd1 d4+ 57. Kf2 Kf4 0-1

[Event "Allendale (MI Am/2/13)"]
[Site "?"]
[Date "1987.??.??"]
[Round "?"]
[White "Scott, M.."]
[Black "Griffin, John"]
[Result "1-0"]
[WhiteElo "1605"]
[BlackElo "1605"]
[PlyCount "85"]
[EventDate "1987.??.??"]

{2/(13)} 1. e4 c5 2. Nf3 Nc6 3. c3 a6 4. d4 cxd4 5. cxd4 d5 6. e5 e6 7. Bd2 Bd7
8. a3 b5 9. Bd3 Be7 10. Nc3 f6 11. O-O fxe5 12. Nxe5 Nxe5 13. dxe5 Bg5 14. Qh5+
g6 15. Qxg5 Qxg5 16. Bxg5 Ne7 17. g4 Kf7 18. f4 Nc6 19. Rf2 h6 20. Bh4 Rhf8 21.
Bf6 Nd4 22. Raf1 Ra7 23. Ne2 Nb3 24. f5 gxf5 25. gxf5 Rg8+ 26. Ng3 Nd4 27.
fxe6+ Bxe6 28. Bg5+ Ke8 29. Bxh6 Rf7 30. Rxf7 Bxf7 31. Rf6 a5 32. Be3 Ne6 33.
Bxb5+ Kf8 34. Bh6+ Ke7 35. Kf2 Nd4 36. Nf5+ Nxf5 37. Rxf5 Rh8 38. Bg5+ Ke6 39.
Bd7+ Kxd7 40. Rxf7+ Ke8 41. Re7+ Kf8 42. h4 Rg8 43. Rd7 1-0

[Event "Allendale (MI Am/3/6)"]
[Site "?"]
[Date "1987.??.??"]
[Round "?"]
[White "Scott, M.."]
[Black "Anderson, R.."]
[Result "1/2-1/2"]
[WhiteElo "1605"]
[BlackElo "1780"]
[PlyCount "133"]
[EventDate "1987.??.??"]

{3/(6)} 1. e4 e5 2. Nf3 Nc6 3. c3 Nf6 4. d4 exd4 5. e5 Nd5 6. cxd4 Bb4+ 7. Nbd2
O-O 8. Bc4 Nb6 9. Bb3 d6 10. O-O Bg4 11. h3 Bxd2 12. Bxd2 Bxf3 13. Qxf3 Nxd4
14. Qxb7 Nxb3 15. axb3 dxe5 16. Bc3 Qe7 17. Rxa7 Rxa7 18. Qxa7 Ra8 19. Qb7 h6
20. Re1 f6 21. Kh1 Re8 22. Qc6 Rd8 23. f4 Qd6 24. Qxd6 cxd6 25. fxe5 dxe5 26.
Ba5 Rd6 27. Bxb6 Rxb6 28. Re3 Kf7 29. g4 Ke6 30. Kg2 g6 31. Kf3 f5 32. Rc3 e4+
33. Kf4 g5+ 34. Ke3 fxg4 35. hxg4 Kd5 36. Kd2 Rb4 37. Ke3 Rd4 38. Ke2 Ke5 39.
Ke3 Rd5 40. b4 Rd8 41. Rc5+ Kd6 42. Kxe4 Rb8 43. Rd5+ Kc6 44. b5+ Kb6 45. Rd6+
Kc5 46. Rxh6 Rxb5 47. Rh2 Kd6 48. Rh6+ Ke7 49. Rh2 Ke6 50. Rh6+ Kf7 51. Rh2 Kg6
52. Rg2 Kf6 53. Kd4 Ke6 54. Kc4 Rd5 55. Re2+ Kd6 56. b4 Rd1 57. Rf2 Rc1+ 58.
Kb5 Rg1 59. Rf6+ Ke7 60. Rf5 Rxg4 61. Kc5 Rg1 62. b5 Rc1+ 63. Kb6 g4 64. Rg5
Rg1 65. Kb7 g3 66. b6 g2 67. Kb8 1/2-1/2

[Event "Allendale (MI Am/3/12)"]
[Site "?"]
[Date "1987.??.??"]
[Round "?"]
[White "Scott, D.."]
[Black "Rosenberg, Steve"]
[Result "1-0"]
[WhiteElo "1650"]
[BlackElo "1605"]
[PlyCount "21"]
[EventDate "1987.??.??"]

{3/(12)} 1. e4 e5 2. Nf3 Nf6 3. d4 exd4 4. e5 Ng4 5. h3 Nh6 6. Nxd4 Bc5 7. Nc3
Qe7 8. Nf3 d6 9. Nd5 Qd7 10. Bxh6 gxh6 11. Nf6+ 1-0

[Event "Allendale (MI Am/2/3)"]
[Site "?"]
[Date "1987.??.??"]
[Round "?"]
[White "Scott, D.."]
[Black "Feldstein, R.."]
[Result "0-1"]
[WhiteElo "1650"]
[BlackElo "1915"]
[PlyCount "66"]
[EventDate "1987.??.??"]

{2/(3)} 1. e4 Nf6 2. e5 Nd5 3. d4 d6 4. Nf3 Bg4 5. Be2 Nc6 6. Nbd2 Nf4 7. h3
Nxe2 8. hxg4 Nexd4 9. exd6 exd6 10. c3 Qe7+ 11. Kf1 Nxf3 12. Nxf3 O-O-O 13. Be3
Qe6 14. Qa4 a6 15. Re1 Ne5 16. Ng5 Qg6 17. Rd1 Be7 18. Nh3 Qxg4 19. Rd4 Qd7 20.
Qb3 Qb5+ 21. Qxb5 axb5 22. b3 Kd7 23. Ke2 Ra8 24. Rd2 Ra6 25. Rhd1 Rha8 26. Bd4
Bf6 27. Ra1 Ng4 28. f4 Bxd4 29. cxd4 Re8+ 30. Kf3 h5 31. Rd3 d5 32. f5 Rf6 33.
Kf4 g6 0-1

[Event "Lansing (MI Op/3/18)"]
[Site "?"]
[Date "1987.??.??"]
[Round "?"]
[White "Schweikert, G.."]
[Black "Kulbacki, James"]
[Result "1/2-1/2"]
[WhiteElo "1925"]
[BlackElo "2125"]
[PlyCount "160"]
[EventDate "1987.??.??"]

{3/(18)} 1. d4 e6 2. c4 Nf6 3. g3 d5 4. Bg2 Be7 5. Nf3 O-O 6. Qc2 c6 7. O-O
Nbd7 8. Nbd2 Re8 9. b3 Bd6 10. Bb2 e5 11. dxe5 Nxe5 12. cxd5 Nxd5 13. a3 Bg4
14. h3 Bh5 15. Nxe5 Bxe5 16. Bxe5 Rxe5 17. e4 Nf6 18. g4 Nxg4 19. hxg4 Bxg4 20.
Nc4 Rg5 21. Qc3 Qe7 22. f3 Bh3 23. Rf2 Rd8 24. Kf1 Bxg2+ 25. Rxg2 Rxg2 26. Kxg2
Qg5+ 27. Kf1 b5 28. Ne3 Rd6 29. Ra2 Rh6 30. Rg2 b4 31. Rxg5 bxc3 32. Rc5 Rh1+
33. Kg2 Rc1 34. Rxc6 g6 35. b4 h5 36. b5 Rb1 37. Rxc3 Rxb5 38. Rc7 a5 39. Nd5
Kg7 40. Kg3 g5 41. Ra7 Rb3 42. Rxa5 g4 43. Kh4 Rxf3 44. Kxh5 g3 45. Ne7 Kf6 46.
Ng8+ Ke6 47. Rg5 Rxa3 48. Kg4 g2 49. Kf4 Ra2 50. Nh6 f6 51. Rg6 Rf2+ 52. Ke3
Ra2 53. Kf3 Ra3+ 54. Kf4 Ra2 55. Nf5 Rf2+ 56. Ke3 Ra2 57. Kf3 Ke5 58. Ne3 Ra4
59. Ng4+ Ke6 60. Nf2 Ke5 61. Nd3+ Kd4 62. Nf2 Ke5 63. Kxg2 Ra2 64. Rh6 Rb2 65.
Rh5+ Ke6 66. Kf3 Rb3+ 67. Kf4 Ra3 68. Rb5 Kf7 69. Ng4 Ra1 70. Ne3 Kg6 71. Rf5
Ra2 72. Ng4 Ra6 73. Rb5 Rd6 74. Rb3 Ra6 75. Ne3 Ra1 76. Nd5 Rf1+ 77. Rf3 Ra1
78. Rg3+ Kf7 79. Kf5 Ra2 80. Rg6 Rf2+ 1/2-1/2

[Event "Lansing (MI Op/5/28)"]
[Site "?"]
[Date "1987.??.??"]
[Round "?"]
[White "Schweikert, G.."]
[Black "Grams, Paul"]
[Result "0-1"]
[WhiteElo "1925"]
[BlackElo "1835"]
[PlyCount "42"]
[EventDate "1987.??.??"]

{5/(28)} 1. d4 Nf6 2. c4 e6 3. g3 d5 4. Bg2 Be7 5. Nf3 b6 6. Qc2 Nbd7 7. O-O
Bb7 8. Nbd2 O-O 9. b3 c5 10. Bb2 Qc7 11. Rac1 Rac8 12. Rfe1 Rfd8 13. e4 dxe4
14. Ng5 e3 15. Rxe3 Bxg2 16. Kxg2 Nf8 17. Ndf3 Qb7 18. Kg1 cxd4 19. Bxd4 Nd5
20. Qe4 f5 21. Qe5 Bf6 0-1

[Event "Lansing (MI Op/1a/4)"]
[Site "?"]
[Date "1987.??.??"]
[Round "?"]
[White "Schweikert, G.."]
[Black "Cunningham, R.."]
[Result "1-0"]
[WhiteElo "1925"]
[BlackElo "2185"]
[PlyCount "85"]
[EventDate "1987.??.??"]

1. d4 d5 2. c4 e6 3. g3 Nf6 4. Bg2 c5 5. cxd5 exd5 6. Nf3 Nc6 7. Bg5 Be7 8. O-O
O-O 9. Nc3 cxd4 10. Nxd4 h6 11. Be3 Re8 12. a3 Be6 13. Qb3 Qd7 14. Rad1 Rad8
15. Nxe6 fxe6 16. Bc1 Kh8 17. Qa4 Bf8 18. e3 a6 19. b4 Qf7 20. Ne2 e5 21. Qb3
Qh5 22. Qc2 Ng4 23. h3 Nf6 24. Bb2 Rd6 25. Nc3 d4 26. Ne4 Nxe4 27. Qxe4 dxe3
28. Rxd6 exf2+ 29. Rxf2 Bxd6 30. Rf5 Qd1+ 31. Kh2 Qb3 32. Bc1 Qe6 33. Bf1 Ne7
34. Rf2 Qd5 35. Bd3 Qxe4 36. Bxe4 Rc8 37. Bb2 Nc6 38. Rf7 Rc7 39. Rxc7 Bxc7 40.
Kg2 Kg8 41. Kf3 Kf7 42. Kg4 Kf6 43. Kf3 {[Remainder illegible; 1-0, 49?]} 1-0

[Event "Lansing (MI Op/3/33)"]
[Site "?"]
[Date "1987.??.??"]
[Round "?"]
[White "Schoonmaker, John"]
[Black "Triplett, Thomas"]
[Result "0-1"]
[WhiteElo "1895"]
[BlackElo "1875"]
[PlyCount "74"]
[EventDate "1987.??.??"]

{3/(33)} 1. d4 d5 2. Nf3 Nf6 3. e3 g6 4. Be2 Bg7 5. O-O O-O 6. Nbd2 Nc6 7. c3
Re8 8. Ng5 e5 9. f4 e4 10. g4 Ne7 11. b3 Bd7 12. Ba3 Qc8 13. Bxe7 Rxe7 14. f5
gxf5 15. Nxf7 Rxf7 16. g5 Ng4 17. Bxg4 fxg4 18. Rxf7 Kxf7 19. c4 Be6 20. h3
gxh3 21. Qh5+ Kg8 22. cxd5 Bf7 23. Qh4 Bxd5 24. Rf1 Qe6 25. Rf4 Rf8 26. Rg4 Qc6
27. Qxh3 Be6 28. Nxe4 Bxg4 29. Qxg4 Qg6 30. Kh2 h6 31. Kg2 hxg5 32. Nxg5 Bh6
33. Qe6+ Qxe6 34. Nxe6 Bxe3 35. Nxf8 Kxf8 36. d5 Ke7 37. Kf3 Bc5 0-1

[Event "Lansing (MI Op/5/35)"]
[Site "?"]
[Date "1987.??.??"]
[Round "?"]
[White "Schoonmaker, John"]
[Black "Thomas, Henry"]
[Result "1-0"]
[WhiteElo "1895"]
[BlackElo "1690"]
[PlyCount "47"]
[EventDate "1987.??.??"]

{5/(35)} 1. d4 f5 2. e4 fxe4 3. Nc3 Nf6 4. Bg5 d5 5. Bxf6 exf6 6. Qh5+ g6 7.
Qxd5 Qxd5 8. Nxd5 Bd6 9. Nxf6+ Kf7 10. Nxe4 Bf4 11. Bd3 Re8 12. Ne2 Bh6 13. O-O
Bf5 14. N4g3 Nd7 15. Nxf5 gxf5 16. Nc3 Rg8 17. Bxf5 Nf6 18. Rfe1 Rg5 19. Bd3
Rag8 20. g3 c6 21. Ne4 Nxe4 22. Rxe4 Bg7 23. Bc4+ Kg6 24. Bxg8 1-0

[Event "Lansing (MI Op/1a/6)"]
[Site "?"]
[Date "1987.??.??"]
[Round "?"]
[White "Schoonmaker, John"]
[Black "Hahn, David"]
[Result "0-1"]
[WhiteElo "1895"]
[BlackElo "2170"]
[PlyCount "74"]
[EventDate "1987.??.??"]

1. d4 g6 2. Nf3 Bg7 3. Nc3 d6 4. e4 Nf6 5. Bg5 c6 6. Be2 b5 7. O-O b4 8. Bxf6
Bxf6 9. Nb1 O-O 10. c3 a5 11. a3 bxc3 12. Nxc3 Nd7 13. Qd2 Ba6 14. Rfe1 Bxe2
15. Rxe2 Bg7 16. Rd1 Qc7 17. Qg5 f6 18. Qd2 a4 19. h4 Qa5 20. d5 c5 21. h5 Kf7
22. g4 Ke8 23. Nh4 Ne5 24. f4 Nxg4 25. hxg6 h5 26. Nf5 Rg8 27. e5 fxe5 28.
Nxg7+ Rxg7 29. f5 Kd7 30. Qg5 Rh8 31. Ne4 Qb5 32. Rde1 Qc4 33. f6 Qd4+ 34. Kg2
exf6 35. Rd2 fxg5 36. Rxd4 cxd4 37. Nxg5 Rxg6 0-1

[Event "Lansing (MI Op/7/27)"]
[Site "?"]
[Date "1987.??.??"]
[Round "?"]
[White "Schoonmaker, John"]
[Black "Garrison, Ray"]
[Result "1-0"]
[WhiteElo "1895"]
[BlackElo "1685"]
[PlyCount "99"]
[EventDate "1987.??.??"]

{7/(27)} 1. d4 e5 2. c3 Nf6 3. Bg5 Be7 4. e3 d6 5. Bc4 Ne4 6. Bxe7 Qxe7 7. Nf3
Bg4 8. Qb3 c6 9. dxe5 d5 10. Be2 Nc5 11. Qc2 Nbd7 12. Nbd2 Nxe5 13. Nxe5 Bxe2
14. Nxc6 bxc6 15. Kxe2 Ne6 16. Rhe1 d4 17. Kf1 d3 18. Qxd3 Rd8 19. Qc2 Ng5 20.
Nb3 O-O 21. Red1 Rde8 22. Qf5 Rb8 23. Rd7 Qe4 24. Qxe4 Nxe4 25. f3 Nf6 26. Rxa7
c5 27. Rc7 Rfe8 28. e4 Re5 29. Nxc5 Rxb2 30. Nd7 Nxd7 31. Rxd7 h5 32. Rd8+ Kh7
33. Rad1 Rg5 34. R8d2 Rgb5 35. Ke2 Rg5 36. Kf2 Rb7 37. c4 Rc7 38. Rd5 Rxd5 39.
exd5 Rxc4 40. Rd2 Kg8 41. d6 Rc8 42. d7 Rd8 43. Ke2 Kf8 44. Kd1 Ke7 45. Kc2 Ra8
46. d8=Q+ Rxd8 47. Rxd8 Kxd8 48. Kd3 f5 49. Kd4 Ke7 50. Kd5 1-0

[Event "Lansing (MI Op/5/33)"]
[Site "?"]
[Date "1987.??.??"]
[Round "?"]
[White "Sanborn, Richard"]
[Black "Riseman, J.."]
[Result "0-1"]
[WhiteElo "1800"]
[BlackElo "1925"]
[PlyCount "70"]
[EventDate "1987.??.??"]

{5/(33)} 1. e4 c5 2. Nf3 d6 3. d4 cxd4 4. Nxd4 Nf6 5. Nc3 a6 6. Be2 e5 7. Nb3
Be7 8. O-O O-O 9. Bg5 Nbd7 10. Qd2 b5 11. a3 Bb7 12. Qe3 Qc7 13. Rad1 Rfd8 14.
Rd2 Rac8 15. Rfd1 Nb6 16. Bxf6 Bxf6 17. Na5 d5 18. Nxb7 d4 19. Qg3 Qxb7 20. Na2
Nc4 21. Bxc4 bxc4 22. Nb4 Qxe4 23. Nxa6 Bh4 24. Qf3 Qxf3 25. gxf3 Bg5 26. Re2
Bf4 27. Nb4 Rd6 28. Re4 Rcd8 29. a4 f5 30. Ree1 Rg6+ 31. Kf1 Rh6 32. a5 Bxh2
33. a6 Rb6 34. c3 d3 35. Ra1 Rg6 0-1

[Event "Lansing (MI Op/4/34)"]
[Site "?"]
[Date "1987.??.??"]
[Round "?"]
[White "Sanborn, Richard"]
[Black "Levadi, David"]
[Result "1/2-1/2"]
[WhiteElo "1800"]
[BlackElo "1810"]
[PlyCount "80"]
[EventDate "1987.??.??"]

{4/(34)} 1. e4 e5 2. Nf3 Nc6 3. Bb5 a6 4. Ba4 b5 5. Bb3 Na5 6. c3 Nxb3 7. Qxb3
d6 8. h3 Be7 9. O-O Nf6 10. d3 O-O 11. Be3 h6 12. Nbd2 Re8 13. a4 Be6 14. Qc2
Qd7 15. d4 exd4 16. Nxd4 Bf8 17. Nxe6 Qxe6 18. axb5 axb5 19. Rxa8 Rxa8 20. Bd4
c5 21. Bxf6 Qxf6 22. Qd3 b4 23. Nc4 bxc3 24. bxc3 Rb8 25. Ne3 Rb3 26. Nd5 Qd8
27. f4 Qa8 28. f5 Rb2 29. Rf3 Qa2 30. Rg3 Qb1+ 31. Qxb1 Rxb1+ 32. Kf2 Kh7 33.
f6 g5 34. Ne7 Rb7 35. Nd5 Kg6 36. Kf3 h5 37. h4 g4+ 38. Ke2 Rb2+ 39. Kd3 Bh6
40. Kc4 Re2 1/2-1/2

[Event "Lansing (MI Op/2/35)"]
[Site "?"]
[Date "1987.??.??"]
[Round "?"]
[White "Sanborn, Richard"]
[Black "Boes, Jeff"]
[Result "0-1"]
[WhiteElo "1800"]
[BlackElo "1905"]
[PlyCount "114"]
[EventDate "1987.??.??"]

{2/(35)} 1. e4 d5 2. exd5 Qxd5 3. Nc3 Qa5 4. Nf3 Bg4 5. Be2 Nc6 6. O-O O-O-O 7.
h3 Bf5 8. Nh4 Bg6 9. f4 e6 10. d3 Be7 11. Nxg6 hxg6 12. Bf3 Nh6 13. Bxc6 Qc5+
14. Kh1 Qxc6 15. Qf3 Qd7 16. Ne4 Nf5 17. a3 f6 18. b4 Nh4 19. Qf2 b6 20. Bd2
Rh7 21. a4 Rdh8 22. a5 Nxg2 23. Kxg2 Rxh3 24. Rh1 e5 25. axb6 cxb6 26. f5 Rxh1
27. Rxh1 Rxh1 28. Kxh1 gxf5 29. Ng3 g6 30. Qg2 Qb7 31. Nf1 f4 32. Kg1 Qxg2+ 33.
Kxg2 Kd7 34. Nh2 f5 35. Nf3 Ke6 36. c4 g5 37. Bc3 Bf6 38. d4 e4 39. d5+ Kf7 40.
Ne5+ Ke8 41. c5 f3+ 42. Kf1 bxc5 43. bxc5 e3 44. c6 Bd8 45. Nxf3 f4 46. Be5 g4
47. Nh2 f3 48. c7 e2+ 49. Kg1 e1=Q+ 50. Nf1 Bxc7 51. Bxc7 Kd7 52. Bg3 Qd1 53.
d6 a5 54. Bf2 a4 55. Bc5 a3 56. Bxa3 Qe2 57. Ne3 Qxe3+ 0-1

[Event "Lansing (MI Op/7/29)"]
[Site "?"]
[Date "1987.??.??"]
[Round "?"]
[White "Sanborn, Richard"]
[Black "Almquist, W.."]
[Result "0-1"]
[WhiteElo "1800"]
[BlackElo "1890"]
[PlyCount "76"]
[EventDate "1987.??.??"]

{7/(29)} 1. e4 c5 2. Nf3 d6 3. d4 cxd4 4. Nxd4 Nf6 5. Nc3 a6 6. Be2 e6 7. Bg5
Be7 8. Qd2 Nbd7 9. O-O-O h6 10. Bh4 Nxe4 11. Nxe4 Bxh4 12. Nxe6 fxe6 13. Bh5+
Kf8 14. Qxd6+ Qe7 15. Qf4+ Bf6 16. Rd2 e5 17. Qg3 Nc5 18. Rhd1 Be6 19. Nxf6
gxf6 20. a3 Rc8 21. Rd6 e4 22. Qc3 Nd3+ 23. R6xd3 Rxc3 24. Rxc3 Rg8 25. g3 Rg5
26. Be2 Rc5 27. Re3 Qc7 28. Rd2 Rd5 29. Rxe4 Rxd2 30. Kxd2 Qd6+ 31. Kc1 Bf5 32.
Re3 Qc6 33. c3 Qh1+ 34. Kd2 Qb1 35. c4 Qc2+ 36. Ke1 Qc1+ 37. Bd1 Bc2 38. Rc3
Qxd1# 0-1